Tâm lý vaÌ€ sinh lý BôÌ£ sách bổ trơÌ£ kiến thức ChiÌ€a khóa vaÌ€ng

保存先:
書誌詳細
第一著者: Thế TrươÌ€ng
その他の著者: Ngô, Văn Tuyển
フォーマット: 図書
言語:Undetermined
出版事項: H. ĐaÌ£i hoÌ£c quốc gia HaÌ€ NôÌ£i 1999
主題:
オンライン・アクセス:http://lrc.tdmu.edu.vn/opac/search/detail.asp?aID=2&ID=7299
タグ: タグ追加
タグなし, このレコードへの初めてのタグを付けませんか!
Thư viện lưu trữ: Trung tâm Học liệu Trường Đại học Thủ Dầu Một
LEADER 00899nam a2200217Ia 4500
001 TDMU_7299
008 210410s9999 xx 000 0 und d
082 |a 150 
090 |b TH259 
100 |a Thế TrươÌ€ng 
245 0 |a Tâm lý vaÌ€ sinh lý 
245 0 |b BôÌ£ sách bổ trơÌ£ kiến thức ChiÌ€a khóa vaÌ€ng 
245 0 |c Thế TrươÌ€ng(biên khảo) 
260 |a H. 
260 |b ĐaÌ£i hoÌ£c quốc gia HaÌ€ NôÌ£i 
260 |c 1999 
300 |a 280tr. 
650 |a Tri thức; Hỏi - đáp; Tâm lý hoÌ£c; Sinh lý hoÌ£c; Tri thức phổ thông 
700 |a Ngô, Văn Tuyển 
856 |u http://lrc.tdmu.edu.vn/opac/search/detail.asp?aID=2&ID=7299 
980 |a Trung tâm Học liệu Trường Đại học Thủ Dầu Một